000 00572nam a2200193 i 4500
001 25670
003 ES-MaACL
005 20230906153318.0
007 t|
008 030102s1983 sp ||||1| spa d
020 _a84-500-4766-8
245 0 0 _aArchivística
_b: estudios básicos /
_c[introducción de Antonia Heredia Herrera].
250 _a2ª ed.
260 _aSevilla :
_bDiputación Provincial,
_c1983.
300 _a256 p. ;
_c22 cm.
504 _aBibliografía. Indice.
700 1 _aHeredia Herrera, Antonia.
_962696
852 _aES-MaACL
_jL-10513
_bR.112445
999 _c25670
_d25670